000 00844nam a2200217Ia 4500
001 23
003 GE_BSU
008 181216s||||||||xx |||||||||||||| ||und||
020 _a9789941409370
040 _cGE_BSU
080 _a811.133.1+811.353.1
100 _aსურგულაძე, ნატალია
245 _aზოონიმთა და ანიმალურ სომატიზმთა შემცველი ფრაზეოლოგიზმები ფრანგულ და ქართულ ენებში
260 _aბათუმი
260 _bშოთა რუსთაველის სახელმწიფო უნივერსიტეტი
260 _c2009
300 _a151 გვ.
541 _h5 ლ.
653 _aლინგვისტიკა
942 _cBK
999 _c34394
_d34394